Sportifs Français - Mort Subite #2 - Statistiques

Statistiques générales
  • Ce quiz a été pris 1 887 fois
  • Le résultat moyen est 3 sur 30
Answers on the Grid
Answers color-coded by a green-red scale on the quiz's grid according to % correct below.
Jules Koundé
Aurélien Tchouaméni
Renaud Lavillenie
Maghnes Akliouche
Alain Bernard
Bixente Lizarazu
Adrien Van Beveren
Norman Nato
Andy Verdoïa
Giovanni Mpetshi Perricard
Arthur Bauchet
Michaël Llodra
Daniel Boulpiquante
Loïs Szymczak
Victor Wembanyama
Steed Tchicamboud
Steven Da Costa
Teddy Riner
Julien Absalon
Djamel Bouras
Tristan Guyard
Yohann Diniz
Abdel-Kader Salifou
Sohaib Naïr
Édouard Mendy
Joakim Noah
Olivier Jacquemin
Arthur Leclerc
Adam Siao Him Fa
René Arnoux
Guerlain Chicherit
Yvan Muller
Romain Taofifénua
Peato Mauvaka
Michel Platini
Philippe Bourret
Jacques Duval
Laurent Tillie
Éric N'Gapeth
Guy Forget
Marcus Thuram
Paul Gauguin
Serge Blanco
Thierry Dusautoir
Nelson Monfort
Étienne Laberdesque
Alex Debon
Dani Clos
 
Statistiques - réponses
Réponse % Correct
Teddy Riner
32%
Victor Wembanyama
31%
Jules Koundé
29%
Michel Platini
28%
Aurélien Tchouaméni
23%
Bixente Lizarazu
22%
Renaud Lavillenie
20%
Alain Bernard
15%
Yohann Diniz
11%
Giovanni Mpetshi Perricard
10%
Maghnes Akliouche
9%
Peato Mauvaka
6%
Julien Absalon
5%
Michaël Llodra
5%
Romain Taofifénua
5%
Adam Siao Him Fa
3%
René Arnoux
3%
Steven Da Costa
3%
Adrien Van Beveren
2%
Arthur Bauchet
2%
Djamel Bouras
2%
Yvan Muller
2%
Guerlain Chicherit
1%
Loïs Szymczak
1%
Norman Nato
1%
Steed Tchicamboud
1%
Tristan Guyard
1%
Abdel-Kader Salifou
0%
Andy Verdoïa
0%
Daniel Boulpiquante
0%
Aucun quiz correspondant
Distribution des résultats
% des personnes avec chaque résultat
Percentile par nombre de réponses
Votre historique - résultats
Vous n’avez pas pris ce quiz